Αγγλικά των επιστημών
Αποθηκεύτηκε σε:
| Κύριος συγγραφέας: | |
|---|---|
| Άλλοι συγγραφείς: | |
| Μορφή: | Βιβλίο |
| Γλώσσα: | English |
| Δημοσίευση: |
Αθήνα :
Πασχαλίδης,
c2019.
|
| Θέματα: | |
| Ετικέτες: |
Προσθήκη ετικέτας
Δεν υπάρχουν, Καταχωρήστε ετικέτα πρώτοι!
|
MARC
| LEADER | 00000cam a2200000 a 4500 | ||
|---|---|---|---|
| 001 | 1/124059 | ||
| 008 | 211207t2019####gr | ||| |||| ||eng|| | ||
| 020 | |a 9789925575831 |q (χαρτόδετο) | ||
| 040 | |a GR-MyUa |b gre |c GR-MyUa |e AACR2 | ||
| 082 | 7 | |a 428.2 |2 (23) | |
| 100 | 1 | |a Corballis, Tony, |e aut | |
| 245 | 1 | 2 | |a Αγγλικά των επιστημών / |c Tony Corballis, Wayne Jennings, Marie McLisky, Hans Mol, Mark Roberts, Carolyn Walker; series editor Terry Phillips, μετάφραση - επιμέλεια Θεόδωρος Β. Γκιούρης, Βασιλική Ι. Καπράλου, Ουρανία Α. Κατσάρα, Αλεξάνδρα Β. Λοτσάρη - Γρουμπού, Ευαγγελία Δ. Χρυσογιάννη. |
| 260 | |a Αθήνα : |b Πασχαλίδης, |c c2019. | ||
| 300 | |a 741 σ. : |b διαγρ., εικ., πίν. ; |c 29 εκ. | ||
| 500 | |a Περιλαμβάνει κεφάλαια με επιμέρους τίτλους : Διοίκηση - Management studies, Επιχειρηματικότητα - Business studies, Οικονομία - Economics, Δημόσιες σχέσεις - Public relations, Τουρισμός - Tourism and hospitality. | ||
| 504 | |a Περιλαμβάνει γλωσσάριο. | ||
| 650 | 0 | |a English language |x Business English |x Study and teaching. | |
| 700 | 1 | |a Jennings, Wayne. | |
| 920 | |a Εύδοξος |b Επιστροφή |y Χίος |z 2021-12 | ||
| 970 | |a Παροικάκη |b Βασιλική |z 07/12/2021 | ||